Seriale i Filmy MCU (Marvel Cinematic Universe) - Statystyki

Ogólne statystyki
  • Ten quiz został rozwiązany 2 189 razy
    946 od ostatniego zresetowania
  • Średni wynik to 36 z 64
Statystyki odpowiedzi
Rok wydania Film / Serial % Poprawnych
Film 2008 Iron Man
98%
Film 2010 Iron Man 2
97%
Film 2012 Avengers
96%
Film 2013 Iron Man 3
95%
Film 2011 Thor
95%
Film 2019 Avengers: Koniec gry
91%
Film 2015 Avengers: Czas Ultrona
87%
Film 2018 Avengers: Wojna bez granic
86%
Film 2014 Kapitan Ameryka: Zimowy Żołnierz
86%
Film 2008 Niesamowity Hulk
83%
Film 2015 Ant-Man
82%
Film 2017 Thor: Ragnarok
82%
Film 2021 Czarna Wdowa
79%
Film 2016 Kapitan Ameryka: Wojna bohaterów
79%
Film 2017 Spider-Man: Homecoming
79%
Film 2018 Czarna Pantera
78%
Film 2016 Doktor Strange
78%
Film 2011 Kapitan Ameryka: Pierwsze Starcie
78%
Film 2019 Spider-Man: Daleko od domu
78%
Film 2014 Strażnicy Galaktyki
78%
Film 2018 Ant-Man i Osa
77%
Film 2019 Kapitan Marvel
77%
Film 2013 Thor: Mroczny Świat
77%
Serial 2021 Loki Sezon 1
75%
Serial 2023 Loki Sezon 2
75%
Film 2021 Spider-Man: Bez drogi do domu
74%
Serial 2021 WandaVision
71%
Film 2022 Thor: Miłość i grom
70%
Film 2017 Strażnicy Galaktyki Vol. 2
68%
Serial 2021 Hawkeye
64%
Film 2023 Strażnicy Galaktyki Vol. 3
61%
Serial 2021 Falcon i Zimowy Żołnierz
57%
Film 2021 Eternals
56%
Film 2022 Czarna Pantera: Wakanda w moim sercu
55%
Serial 2021- A gdyby…?
53%
Film 2023 Marvels
53%
Serial 2022 Moon Knight
53%
Film 2026 Avengers: Doomsday
51%
Film 2022 Doktor Strange w multiwersum obłędu
49%
Film 2023 Ant-Man i Osa: Kwantomania
47%
Film 2025 Thunderbolts*
46%
Film 2024 Deadpool & Wolverine
45%
Serial 2022 Ms. Marvel
44%
Film 2027 Avengers: Secret Wars
40%
Film 2025 Kapitan Ameryka: Nowy Wspaniały Świat
40%
Film 2021 Shang-Chi i legenda dziesięciu pierścieni
38%
Serial 2023 Tajna Inwazja
35%
Serial 2024 Echo
34%
Serial 2022 Mecenas She-Hulk
33%
Serial 2024 To Zawsze Agatha
28%
Serial 2025 Ironheart
27%
Serial 2022-2023 Ja jestem Groot
27%
Special 2022 Wilkołak Nocą
27%
Serial 2025- Daredevil: Born Again
26%
Special 2022 Strażnicy Galaktyki: Coraz bliżej święta
25%
Film 2025 Blade
22%
Serial 2024- X-Men '97
19%
Serial 2025 Marvel Zombies
17%
Film 2025 The Fantastic Four: First Steps
17%
Serial NIeznany Wonder Man
12%
Serial Nieznany Vision
11%
Serial Nieznany Eyes of Wakanda
10%
Film Nieznany Armor Wars
9%
Serial 2024- Your Friendly Neighborhood Spider-Man
9%
Nie znaleziono quizów pasujących do podanych kryteriów
Rozkład punktacji
Procent ludzi z każdym wynikiem
Percentyl według liczby udzielonych odpowiedzi
Twoja historia wyników
Nie rozwiązałeś tego quizu od ostatniego zresetowania